Linear ordinary differential equations / (Record no. 76311)

MARC details
000 -LEADER
fixed length control field 00747nam a22002177a 4500
005 - DATE AND TIME OF LATEST TRANSACTION
control field 20130618121837.0
010 ## - LCCN (DPL NO)
LC control number ENG-107362
020 ## - INTERNATIONAL STANDARD BOOK NUMBER
International Standard Book Number 9788120346857
Terms of availability 325.00
035 ## - SYSTEM CONTROL NUMBER
System control number EN-90895
037 ## - SOURCE OF ACQUISITION
Source of stock number/acquisition DBAD/PUB
082 ## - DEWEY DECIMAL CLASSIFICATION NUMBER
Classification number 515.352
100 ## - MAIN ENTRY--PERSONAL NAME
Personal name Coddington, Earl A.
245 ## - TITLE STATEMENT
Title Linear ordinary differential equations /
Statement of responsibility, etc by Earl A. Coddington [and] Robert Carlson
260 ## - PUBLICATION, DISTRIBUTION, ETC. (IMPRINT)
Place of publication, distribution, etc New Delhi
Name of publisher, distributor, etc PHI Learning
Date of publication, distribution, etc 2013
270 ## - ADDRESS
Address Rimjhim House, 111, Patparganj Industrial Estate
City Delhi
Postal code 110092
300 ## - PHYSICAL DESCRIPTION
Extent xii,341p. :
Dimensions 24cm(pbk)
Other physical details ill.
500 ## - GENERAL NOTE
General note Includes bibliographical references (p. 333-334) and index.
650 ## - SUBJECT ADDED ENTRY--TOPICAL TERM
Topical term or geographic name as entry element Differential equations.
700 ## - ADDED ENTRY--PERSONAL NAME
Personal name Carlson, Robert
Dates associated with a name 1951-
942 ## - ADDED ENTRY ELEMENTS (KOHA)
Source of classification or shelving scheme Dewey Decimal Classification
Item type English Books
Call number suffix COD
Classification part 515.352
Holdings
Withdrawn status Lost status Not for loan Collection code Home library Current library Date acquired Source of acquisition Cost, normal purchase price Full call number Barcode Copy number Cost, replacement price Koha item type
    Not For Loan Non-fiction D.B.Act.Division D.B.Act.Division 29/05/2013 DBAD/PUB 325.00 515.352 COD EN-90895 1 325.00 English Books

© Delhi Public Library
Hit Counter
free hit counter